MARC details
| 000 -CABECERA |
| campo de control de longitud fija |
01133nam a2200205 a 4500 |
| 001 - NÚMERO DE CONTROL |
| campo de control |
000000520 |
| 005 - FECHA Y HORA DE LA ÚLTIMA TRANSACCIÓN |
| campo de control |
20200929145343.0 |
| 008 - DATOS DE LONGITUD FIJA--INFORMACIÓN GENERAL |
| campo de control de longitud fija |
081122s1975 dr ab 000 0 spa d |
| 040 ## - FUENTE DE LA CATALOGACIÓN |
| Centro catalogador/agencia de origen |
DO-SdBNP |
| Lengua de catalogación |
spa |
| Centro/agencia transcriptor |
BNPHU |
| 082 ## - NÚMERO DE LA CLASIFICACIÓN DECIMAL DEWEY |
| Número de clasificación |
972.9304 |
| Número de documento/Ítem |
L557s |
| 100 1# - ENTRADA PRINCIPAL--NOMBRE DE PERSONA |
| Nombre de persona |
Lemonnier-Delafosse, J. B. |
| 9 (RLIN) |
1715 |
| 245 10 - MENCIÓN DE TÍTULO |
| Título |
Segunda campaña de Santo Domingo : |
| Resto del título |
guerra dominico-francesa de 1808 / |
| Mención de responsabilidad, etc. |
J.B. Lemonnier-Delafosse. |
| 260 ## - PUBLICACIÓN, DISTRIBUCIÓN, ETC. |
| Lugar de publicación, distribución, etc. |
Santo Domingo : |
| Nombre del editor, distribuidor, etc. |
Editora de Santo Domingo, |
| Fecha de publicación, distribución, etc. |
1975. |
| 300 ## - DESCRIPCIÓN FÍSICA |
| Extensión |
291 p. : |
| Otras características físicas |
il., map. ; |
| Dimensiones |
23 cm. |
| 490 1# - MENCIÓN DE SERIE |
| Mención de serie |
Sociedad Dominicana de Bibliófilos |
| Designación de volumen o secuencia |
12 |
| 500 ## - NOTA GENERAL |
| Nota general |
Traducido por el Lic. C. Armando Rodríguez |
| 505 0# - NOTA DE CONTENIDO CON FORMATO |
| Título |
Advertencia del traductor -- |
| -- |
Sumario -- |
| -- |
Fuerza marítima de la expedición -- |
| -- |
Introducción -- |
| -- |
Recuerdos históricos y sucintos de la primera campaña -- |
| -- |
Relación completa de la segunda campaña -- |
| -- |
Opinión sobre Toussaint -- |
| -- |
Apéndices -- |
| -- |
Notas del autor -- |
| -- |
Notas del traductor -- |
| -- |
Mapas -- |
| -- |
Índices -- |
| -- |
Índice de nombres -- |
| -- |
Índice de materias. |
| 651 #4 - PUNTO DE ACCESO ADICIONAL DE MATERIA--NOMBRE GEOGRÁFICO |
| Nombre geográfico |
República Dominicana |
| Subdivisión general |
Historia- |
| -- |
Reconquista |
| Subdivisión cronológica |
1808-1809 |
| 9 (RLIN) |
1716 |
| 830 #0 - PUNTO DE ACCESO ADICIONAL DE SERIE-TÍTULO UNIFORME |
| Título uniforme |
Sociedad Dominicana de Bibliófilos |
| Número de parte o sección de la obra |
12 |
| 9 (RLIN) |
1717 |